Sustentabilidad y desarrollo económico /

Contiene: 1) La sustentabilidad: hacia una reconciliación entre las nociones de crecimiento y de desarrollo económico; 2) Interacción entre sistema económico y sistemas ambientales; 3) Marco general para las políticas de desarrollo sustentable.

Guardado en:
Detalles Bibliográficos
Autor principal: Borrayo López, Rafael (autor)
Formato: Libro
Idioma:Español
Publicado: México : McGraw-Hill, 2002, c2002
Temas:
Etiquetas: Agrega una etiqueta
Sin etiquetas, Sé el primero en etiquetar este registro!

MARC

LEADER 00000nam^a2200000^a^4500
001 000624001
005 20251103000000.0
009 20260310133948.053
020 |a 968-36-9176-5 
025 |a Donación Guillermo Garza Jurado, 1 ejemplar 
037 |a Acervo ITESO - Biblioteca 
041 |a ESP 
082 |a 333. 7  |b BOR 
100 |a Borrayo López, Rafael  |e (autor) 
245 1 0 |a Sustentabilidad y desarrollo económico /  |c R. Borrayo López. 
264 4 |a México :  |b McGraw-Hill,  |c 2002, c2002 
300 |a 124 p. 
336 |a texto  |b txt  |2 rdacontenido 
337 |a sin mediación  |b n  |2 rdamedio 
338 |a volumen  |b nc  |2 rdasoporte 
520 |a Contiene: 1) La sustentabilidad: hacia una reconciliación entre las nociones de crecimiento y de desarrollo económico; 2) Interacción entre sistema económico y sistemas ambientales; 3) Marco general para las políticas de desarrollo sustentable. 
561 |a Ex libris manuscrito de A. Quiñones. 
649 |a XX 
650 |a Desarrollo Sustentable -  |x Tema Principal 
650 |a Desarrollo Económico-Social 
650 |a Política Ambiental 
650 |a Política Económica 
650 |a Economía 
910 |a Fondo General 
920 |a Impresos - Libros 
930 |a Colección General 
905 |a 101 
901 |a 624001-10  |b IT1  |c ACC  |i D  |u 20251103 
902 |a https://opac.biblio.iteso.mx/vufind/Record/000624001